00626nam a22001577a 4500003000400000082001900004100001900023245015400042260004400196300000800240650004100248653004100289942001200330952010900342999001700451SGT a617.6342bE23C aChalana, Megha aEffect of irrigation with Sodium Hydrochloride for different time durations on outcome of primary root canal treatmentbA Randomized controlled trial aGurugram, HaryanabSGT Universityc2023 a101 aConservative Dentistry & Endodontics aConservative Dentistry & Endodontics 2ddccTH 00102ddc405171aFDbFDd2023-01-25iSGTUo617.6342 E23CpDT1481r2023-01-25 00:00:00w2023-01-25yTH c23734d23734